| 000 | 01301nam a2200325 c 4500 | ||
|---|---|---|---|
| 003 | BLK | ||
| 005 | 20190913121317.0 | ||
| 008 | 180911b bul|||||r ||||||| ||bul|| | ||
| 010 | _a004445 | ||
| 040 | _aBLK | ||
| 041 | _aFRE | ||
| 080 | _z949.72(093)949.7(093) | ||
| 100 | 1 |
_a _eпърви автор |
|
| 245 | 1 | 0 | _aLa QUESTION Bulgare et les Etats balkaniques |
| 246 |
_aExpose et documents _bQUESTION Bulgare |
||
| 260 |
_aSofia _c1919 _fImpr. de l`Etat |
||
| 300 |
_aVIII, 319 с. : с ил., 2 л _bил., 14 л. : к. _c31 см |
||
| 380 | _a9 | ||
| 490 |
_aЧастна колекция - Академик Михаил Арнаудов _gДарение - Основен фонд |
||
| 501 | _aИнв.Х 589653 е само текст на експозето : с. 1-115 | ||
| 520 | _aМихаил Арнаудов: подпис | ||
| 520 | _aМихаил Арнаудов: негови-книга | ||
| 520 | _aДатиране на книгата : Само Expose - 17. III.919 инв.Х 589653 и Expose et dokuments - април 1919 инв.Х 589483 | ||
| 650 | 4 | _aИстория | |
| 650 | _aБалкански страни | ||
| 650 | _aБалкански страни | ||
| 655 | _aбългарска история | ||
| 852 | _aМА 2980 | ||
| 942 |
_cKNG _n0 |
||
| 944 |
_aCR _c1994 |
||
| 999 |
_c344779 _d344779 |
||